[Event "HUN-chT U18"]
[Site "Miskolc"]
[Date "2010.11.04"]
[Round "5.3"]
[White "Koszo, Attila"]
[Black "Virag, Kinga"]
[Result "0-1"]
[WhiteElo "1829"]
[BlackElo "1853"]
[PlyCount "64"]
[EventDate "2010.11.02"]
[EventType "team-swiss"]
[EventRounds "8"]
[EventCountry "HUN"]
[SourceTitle "EXT 2016"]
[Source "ChessBase"]
[SourceDate "2015.10.08"]
[SourceVersion "1"]
[SourceVersionDate "2015.10.08"]
[SourceQuality "1"]

1. d4 g6 2. c4 Bg7 3. Nc3 d6 4. e4 Nf6 5. Bd3 Nc6 6. Nge2 0-0 7. 0-0 Nh5 8. Be3 e5 9. d5 Nd4 10. Nb5 Nxb5 11. cxb5 f5 12. exf5 gxf5 13. Nc3 Qe8 14. Be2 Nf6 15. f4 e4 16. h3 Qg6 17. Kh2 Qh6 18. Rg1 Ng4+ 19. Bxg4 fxg4 20. Qe1 Bf5 21. h4 a6 22. bxa6 Rxa6 23. g3 c6 24. Qd2 c5 25. a3 Bf6 26. Kg2 Qg7 27. Rgc1 Rfa8 28. Rab1 Rb6 29. b4 Rxa3 30. bxc5 Bxc3 31. Rxc3 Qxc3 32. Rxb6 Qxe3 0-1

[Event "HUN-chT U18"]
[Site "Miskolc"]
[Date "2010.11.04"]
[Round "4.6"]
[White "Virag, Kinga"]
[Black "Retkes, Peter"]
[Result "1-0"]
[WhiteElo "1853"]
[BlackElo "1574"]
[PlyCount "93"]
[EventDate "2010.11.02"]
[EventType "team-swiss"]
[EventRounds "8"]
[EventCountry "HUN"]
[SourceTitle "EXT 2016"]
[Source "ChessBase"]
[SourceDate "2015.10.08"]
[SourceVersion "1"]
[SourceVersionDate "2015.10.08"]
[SourceQuality "1"]

1. e4 c5 2. Nf3 d6 3. d4 cxd4 4. Qxd4 Nc6 5. Bb5 Bd7 6. Bxc6 Bxc6 7. Nc3 Nf6 8. Bg5 e6 9. 0-0-0 Be7 10. Qd3 0-0 11. Nd4 Rb8 12. f3 Qa5 13. h4 Rfc8 14. g4 b5 15. Nb3 Qb6 16. Be3 Qc7 17. h5 b4 18. Ne2 Bb5 19. Qd2 Nd7 20. f4 Bxe2 21. Qxe2 Nb6 22. Qh2 Nc4 23. Bd4 e5 24. h6 g6 25. fxe5 dxe5 26. Bg1 a5 27. Rd5 Bg5+ 28. Kb1 Bf4 29. Qe2 Nd2+ 30. Rxd2 Bxd2 31. Qxd2 Rd8 32. Qe2 Qd7 33. Be3 a4 34. Nc5 Qc6 35. Qa6 Rd6 36. Qxc6 Rxc6 37. Nxa4 f6 38. Rd1 Rbc8 39. Nb6 Rf8 40. Nd5 Kh8 41. Nxb4 Rcc8 42. a4 f5 43. exf5 gxf5 44. gxf5 Rxf5 45. a5 Rf3 46. Nd5 Rd8 47. a6 1-0

[Event "HUN-chT U18"]
[Site "Miskolc"]
[Date "2010.11.03"]
[Round "3.5"]
[White "Virag, Kinga"]
[Black "Lovas, Miklos"]
[Result "1-0"]
[WhiteElo "1853"]
[BlackElo "1756"]
[PlyCount "111"]
[EventDate "2010.11.02"]
[EventType "team-swiss"]
[EventRounds "8"]
[EventCountry "HUN"]
[SourceTitle "EXT 2016"]
[Source "ChessBase"]
[SourceDate "2015.10.08"]
[SourceVersion "1"]
[SourceVersionDate "2015.10.08"]
[SourceQuality "1"]

1. e4 e5 2. Nf3 Nc6 3. Bb5 a6 4. Ba4 b5 5. Bb3 Nf6 6. Qe2 Be7 7. c3 0-0 8. 0-0 Re8 9. d3 h6 10. Re1 Bc5 11. h3 Bb7 12. Nbd2 d6 13. Nf1 Na5 14. Bc2 Nc6 15. Ng3 d5 16. Nf5 dxe4 17. dxe4 Ne7 18. N3h4 Nxf5 19. Nxf5 Qd7 20. Qf3 Qc6 21. Bxh6 g6 22. Ng3 Nh7 23. Bb3 Re7 24. Bd5 Qb6 25. Bxb7 Qxb7 26. Be3 Bxe3 27. Rxe3 Rd8 28. Rd1 Red7 29. Red3 c5 30. Rxd7 Rxd7 31. Qg4 Rxd1+ 32. Qxd1 Nf6 33. Qd8+ Kg7 34. Qd6 Qd7 35. Qxa6 Qd1+ 36. Kh2 Qd2 37. Qxb5 Qxf2 38. b4 cxb4 39. cxb4 Qf4 40. Qd3 Nh5 41. b5 Nxg3 42. Qxg3 Qxe4 43. b6 f6 44. Qf3 Qb4 45. b7 Qd6 46. Qb3 Qb8 47. Qb5 e4+ 48. Kh1 e3 49. Qd7+ Kh6 50. Qc8 Qf4 51. b8Q Qf1+ 52. Kh2 e2 53. Qf8+ Kg5 54. Qg3+ Kf5 55. Qc5+ Ke4 56. Qge3# 1-0

[Event "HUN-chT2 Barcza 0809"]
[Site "Hungary"]
[Date "2009.02.08"]
[Round "7.11"]
[White "Virag, Kinga"]
[Black "Justyak, Gabor"]
[Result "1-0"]
[WhiteElo "1677"]
[BlackElo "1632"]
[PlyCount "67"]
[EventDate "2008.10.26"]
[EventType "team-tourn"]
[EventRounds "11"]
[EventCountry "HUN"]
[SourceTitle "EXT 2010"]
[Source "ChessBase"]
[SourceDate "2010.11.25"]
[SourceVersion "1"]
[SourceVersionDate "2010.11.25"]
[SourceQuality "1"]
[WhiteTeam "TEVA SE"]
[BlackTeam "Edeleny"]
[WhiteTeamCountry "HUN"]
[BlackTeamCountry "HUN"]

1. e4 e5 2. Nf3 Nc6 3. Bb5 Nge7 4. 0-0 g6 5. c3 Bg7 6. d3 0-0 7. Qe2 d6 8. Rd1 Bd7 9. Bc4 Na5 10. Nbd2 Nxc4 11. Nxc4 Nc6 12. Bg5 Bf6 13. Bxf6 Qxf6 14. Ne3 Ne7 15. d4 Nc6 16. Nd5 Qd8 17. dxe5 Nxe5 18. Nxe5 dxe5 19. Qf3 Kg7 20. Qg3 Re8 21. Nb4 Qe7 22. Nd5 Qd8 23. Ne3 Qe7 24. Rd2 Kf8 25. Nd5 Qd8 26. Rad1 Bc6 27. Qf3 Bxd5 28. Rxd5 Qe7 29. Rd7 Qe6 30. Rxc7 Re7 31. Rc5 Qxa2 32. Qf6 Ree8 33. Qh8+ Ke7 34. Rxe5+ 1-0

[Event "HUN-chT2 Barcza 0809"]
[Site "Hungary"]
[Date "2009.01.11"]
[Round "5.12"]
[White "Virag, Kinga"]
[Black "Forgacs, Laszlo"]
[Result "1-0"]
[WhiteElo "1677"]
[BlackElo "1625"]
[PlyCount "71"]
[EventDate "2008.10.26"]
[EventType "team-tourn"]
[EventRounds "11"]
[EventCountry "HUN"]
[SourceTitle "EXT 2010"]
[Source "ChessBase"]
[SourceDate "2010.11.25"]
[SourceVersion "1"]
[SourceVersionDate "2010.11.25"]
[SourceQuality "1"]
[WhiteTeam "TEVA SE"]
[BlackTeam "DEAC"]
[WhiteTeamCountry "HUN"]
[BlackTeamCountry "HUN"]

1. e4 g6 2. d4 Bg7 3. Nf3 Nf6 4. Nc3 d6 5. h3 0-0 6. Be2 c5 7. 0-0 cxd4 8. Nxd4 Nc6 9. Be3 Qc7 10. Ncb5 Qd7 11. Nc3 a6 12. Rc1 Rd8 13. Nd5 Nxd5 14. exd5 Nxd4 15. Bxd4 Qa4 16. c4 Qxd1 17. Rfxd1 Bxd4 18. Rxd4 Bd7 19. Rc3 b5 20. Re4 e6 21. dxe6 Bxe6 22. cxb5 axb5 23. a3 Ra4 24. b4 Rb8 25. Rd4 Ra6 26. Bf3 Bc4 27. Bd5 Bxd5 28. Rxd5 Rab6 29. Rcd3 Rd8 30. g4 Kf8 31. f4 Ke7 32. Re3+ Kd7 33. Rd4 Re8 34. Red3 Re1+ 35. Kf2 Ra1 36. Rc3 1-0

[Event "HUN-chT2 Barcza 0809"]
[Site "Hungary"]
[Date "2008.11.30"]
[Round "3.12"]
[White "Virag, Kinga"]
[Black "Ordog, Gabor"]
[Result "1-0"]
[WhiteElo "1677"]
[BlackElo "1834"]
[PlyCount "37"]
[EventDate "2008.10.26"]
[EventType "team-tourn"]
[EventRounds "11"]
[EventCountry "HUN"]
[SourceTitle "EXT 2010"]
[Source "ChessBase"]
[SourceDate "2010.11.25"]
[SourceVersion "1"]
[SourceVersionDate "2010.11.25"]
[SourceQuality "1"]
[WhiteTeam "TEVA SE"]
[BlackTeam "Mezokovesd"]
[WhiteTeamCountry "HUN"]
[BlackTeamCountry "HUN"]

1. e4 e5 2. Nf3 d6 3. c3 Nf6 4. Be2 Bg4 5. 0-0 Nxe4 6. Qa4+ Qd7 7. Qxe4 Be7 8. Qxb7 Qc6 9. Bb5 Bd7 10. Bxc6 Bxc6 11. Qc8+ Bd8 12. Qg4 0-0 13. d4 Re8 14. Bh6 g6 15. dxe5 Bd7 16. Qd4 dxe5 17. Qc5 Be7 18. Qxe5 Nc6 19. Qg7# 1-0

[Event "HUN-chT2 Barcza 0809"]
[Site "Hungary"]
[Date "2008.11.02"]
[Round "2.12"]
[White "Kadar, Imre"]
[Black "Virag, Kinga"]
[Result "0-1"]
[WhiteElo "1895"]
[BlackElo "1677"]
[PlyCount "100"]
[EventDate "2008.10.26"]
[EventType "team-tourn"]
[EventRounds "11"]
[EventCountry "HUN"]
[SourceTitle "EXT 2010"]
[Source "ChessBase"]
[SourceDate "2010.11.25"]
[SourceVersion "1"]
[SourceVersionDate "2010.11.25"]
[SourceQuality "1"]
[WhiteTeam "Tiszavasvar"]
[BlackTeam "TEVA SE"]
[WhiteTeamCountry "HUN"]
[BlackTeamCountry "HUN"]

1. d4 g6 2. c4 Bg7 3. e3 Nf6 4. Nc3 0-0 5. Nf3 d6 6. Be2 Nbd7 7. Bd2 e5 8. dxe5 Nxe5 9. Nxe5 dxe5 10. 0-0 c6 11. h3 Qe7 12. Qc2 Be6 13. e4 Ne8 14. Qc1 Nc7 15. a3 Bd7 16. Na4 b6 17. b4 Ne6 18. Be3 Nd4 19. Bxd4 exd4 20. Bd3 c5 21. b5 Qd6 22. Nb2 f5 23. f4 fxe4 24. Bxe4 Rae8 25. Bd5+ Kh8 26. Ra2 Bf5 27. Qd1 Be4 28. Bxe4 Rxe4 29. Nd3 Bh6 30. Raf2 Bxf4 31. Kh1 Bh6 32. Rxf8+ Bxf8 33. Rf3 Kg8 34. Qf1 Qe7 35. Kh2 Qe8 36. Kh1 Bd6 37. Rf6 Qe7 38. Rf3 Bc7 39. a4 Qd6 40. g3 Re3 41. Kg2 Qe6 42. Rxe3 dxe3 43. Qe2 Qe4+ 44. Kh2 h5 45. h4 Qxh4+ 46. Kg1 Qxg3+ 47. Qg2 e2 48. Qxg3 Bxg3 49. Kg2 e1Q 50. Nxe1 Bxe1 0-1

[Event "HUN-chT2 Maroczy 0708"]
[Site "Hungary"]
[Date "2008.05.18"]
[Round "11"]
[White "Kovacs, Klara"]
[Black "Virag, Kinga"]
[Result "1/2-1/2"]
[WhiteElo "1975"]
[BlackElo "1838"]
[PlyCount "111"]
[EventDate "2007.10.14"]
[EventType "team"]
[EventRounds "11"]
[EventCountry "HUN"]
[SourceTitle "EXT 2009"]
[Source "ChessBase"]
[SourceDate "2008.11.26"]
[SourceVersion "1"]
[SourceVersionDate "2008.11.26"]
[SourceQuality "1"]
[WhiteTeam "Koszolg"]
[BlackTeam "Teva"]
[WhiteTeamCountry "HUN"]
[BlackTeamCountry "HUN"]

1. e4 e5 2. Nf3 Nc6 3. Bb5 a6 4. Bxc6 dxc6 5. 0-0 f6 6. d4 exd4 7. Nxd4 c5 8. Nb3 Qxd1 9. Rxd1 Bg4 10. f3 Be6 11. Bf4 c4 12. Nd4 0-0-0 13. Nc3 Bf7 14. Nf5 Bc5+ 15. Be3 Bxe3+ 16. Nxe3 Ne7 17. Kf2 c6 18. Ne2 g6 19. Ng4 f5 20. Nh6 Be8 21. Rxd8+ Kxd8 22. Rd1+ Kc8 23. exf5 Nxf5 24. Nxf5 gxf5 25. Rd4 b5 26. Rf4 Bg6 27. Nd4 Rd8 28. Ke2 Re8+ 29. Kd2 Rd8 30. Kc1 Re8 31. Nxf5 Re2 32. g4 Rxh2 33. Ne7+ Kb7 34. Nxg6 hxg6 35. Rf6 Rh1+ 36. Kd2 Rh2+ 37. Kc3 a5 38. Rxg6 Kb6 39. Rf6 Rg2 40. Rf5 b4+ 41. Kxc4 Rxc2+ 42. Kb3 Re2 43. g5 c5 44. a4 Re3+ 45. Kc4 Re2 46. Rf6+ Kb7 47. Kxc5 Rxb2 48. Rf7+ Ka6 49. Rf6+ Kb7 50. g6 Rc2+ 51. Kb5 b3 52. g7 b2 53. Rb6+ Ka7 54. Ra6+ Kb7 55. Rb6+ Ka7 56. Ra6+ 1/2-1/2

[Event "HUN-chT2 Maroczy 0708"]
[Site "Hungary"]
[Date "2007.12.16"]
[Round "5"]
[White "Virag, Kinga"]
[Black "Csomor, Viktor"]
[Result "1/2-1/2"]
[WhiteElo "1740"]
[BlackElo "1874"]
[PlyCount "48"]
[EventDate "2007.10.14"]
[EventType "team"]
[EventRounds "11"]
[EventCountry "HUN"]
[SourceTitle "EXT 2009"]
[Source "ChessBase"]
[SourceDate "2008.11.26"]
[SourceVersion "1"]
[SourceVersionDate "2008.11.26"]
[SourceQuality "1"]
[WhiteTeam "Teva"]
[BlackTeam "Penzugyor"]
[WhiteTeamCountry "HUN"]
[BlackTeamCountry "HUN"]

1. e4 e6 2. d4 d5 3. Nd2 c5 4. Bb5+ Nc6 5. Ne2 Qb6 6. Bxc6+ bxc6 7. c3 Ba6 8. dxc5 Bxc5 9. 0-0 Nf6 10. exd5 cxd5 11. Nb3 Bd6 12. Be3 Qc7 13. h3 0-0 14. Re1 Ne4 15. Ned4 Rab8 16. Qc2 Rfc8 17. Nd2 Nxd2 18. Qxd2 Qc4 19. Nb3 Qc7 20. Nd4 Qb7 21. b4 Qc7 22. Rec1 Bc4 23. Nb3 Be5 24. Nc5 Bd6 1/2-1/2

[Event "EU Union-ch U14"]
[Site "Mureck"]
[Date "2007.08.??"]
[Round "8"]
[White "Virag, Kinga"]
[Black "Visentin, Lorenzo"]
[Result "1/2-1/2"]
[WhiteElo "1726"]
[BlackElo "2041"]
[PlyCount "38"]
[EventDate "2007.08.??"]
[EventType "swiss"]
[EventRounds "9"]
[EventCountry "AUT"]
[SourceTitle "EXT 2008"]
[Source "ChessBase"]
[SourceDate "2007.11.25"]
[SourceVersion "1"]
[SourceVersionDate "2007.11.25"]
[SourceQuality "1"]

1. d4 Nf6 2. e3 e6 3. Bd3 c5 4. f4 Nc6 5. c3 d5 6. Nf3 Bd6 7. Ne5 h5 8. Nd2 Bd7 9. 0-0 Qe7 10. a4 0-0-0 11. Bb5 Bxe5 12. fxe5 Ng4 13. Nf3 Rdg8 14. Bxc6 Bxc6 15. dxc5 g5 16. b4 Nh6 17. Nd4 g4 18. Nxc6 bxc6 19. Qe2 Kb8 1/2-1/2

[Event "HUN-chT2 Maroczy 0506"]
[Site "Hungary"]
[Date "2005.10.30"]
[Round "2"]
[White "Virag, Kinga"]
[Black "Binder, Tamas"]
[Result "0-1"]
[WhiteElo "1742"]
[BlackElo "2261"]
[PlyCount "74"]
[EventDate "2005.10.16"]
[EventType "team"]
[EventRounds "11"]
[EventCountry "HUN"]
[SourceTitle "EXT 2009"]
[Source "ChessBase"]
[SourceDate "2008.11.26"]
[SourceVersion "1"]
[SourceVersionDate "2008.11.26"]
[SourceQuality "1"]
[WhiteTeam "Teva"]
[BlackTeam "Vasas"]
[WhiteTeamCountry "HUN"]
[BlackTeamCountry "HUN"]

1. e4 c6 2. d4 d5 3. Nc3 dxe4 4. Nxe4 Bf5 5. Ng3 Bg6 6. Bc4 e6 7. N1e2 Bd6 8. 0-0 Nf6 9. f4 0-0 10. Bd3 Bxd3 11. Qxd3 c5 12. f5 Bxg3 13. Nxg3 Qxd4+ 14. Qxd4 cxd4 15. Bg5 Nbd7 16. Bxf6 Nxf6 17. Rad1 e5 18. Rfe1 Rfe8 19. Ne4 Nxe4 20. Rxe4 Rac8 21. Rd2 f6 22. Kf2 Kf7 23. Kf3 Rc6 24. Ree2 Rb6 25. b3 Re7 26. Ke4 Rc6 27. g4 b5 28. Re1 Rec7 29. Rc1 Rc3 30. Rd3 Rxc2 31. Rxc2 Rxc2 32. h3 Ke7 33. Kf3 Rc3 34. Ke2 Rxd3 35. Kxd3 g6 36. fxg6 hxg6 37. Ke4 f5+ 0-1